MARC

LEADER 00000nab a2200000u 4500
001 vtls012267572
003 SK-MaSNL
005 20260304013346.0
008 241128|20241126xo ||||||| || ||slo|
038 |a KEVKJB 
040 |a KEVKJB  |b slo  |e rda 
041 0 |a slo 
043 |a e-xo--- 
044 |a xo  |c SK 
072 7 |a 352/354  |x Stupne miestnej, oblastnej a ústrednej správy  |2 konspekt 
080 |a 352  |2 2011 
100 1 |a Jabrik, Peter  |4 aut  |9 879309 
245 1 0 |a V Košiciach pribudnú parkovacie rezidentské lokality. Regulácia sa blíži už aj k sídliskám  |b v prípravách je najďalej Sídlisko KVP ...  |c Peter Jabrik 
300 |b Fotografie 
336 |a text  |b txt  |2 rdacontent 
337 |a bez média  |b n  |2 rdamedia 
338 |a zväzok  |b nc  |2 rdacarrier 
650 0 7 |a parkoviská  |2 SNKPH  |9 29941 
650 0 7 |a parkovacie plochy pre motorové vozidlá  |2 SNKPH  |9 250389 
651 7 |a Košice (Slovensko)  |2 SNKPHgeo  |9 18694 
651 7 |a Staré Mesto (Košice I, Slovensko)  |2 SNKPHgeo  |9 160203 
651 7 |a Sever (Košice I, Slovensko)  |2 SNKPHgeo  |9 29658 
651 7 |a Sídlisko KVP (Košice II, Slovensko)  |2 SNKPHgeo  |9 160199 
651 7 |a Sídlisko Ťahanovce (Košice I, Slovensko)  |2 SNKPHgeo  |9 176886 
651 7 |a Dargovských hrdinov (Košice III, Slovensko)  |2 SNKPHgeo  |9 29903 
651 7 |a Juh (Košice IV, Slovensko)  |2 SNKPHgeo  |9 29668 
651 7 |a Západ (Košice II, Slovensko)  |2 SNKPHgeo  |9 168689 
651 7 |a Nad jazerom (Košice IV, Slovensko)  |2 SNKPHgeo  |9 160202 
773 0 |t Korzár - SME  |g Roč. XXVII., č. 229 (26.11.2024), s. 2-3  |x 2585-7355 
852 |a KEVKJB  |b KIS3GCP 
856 4 1 |u https://kosice.korzar.sme.sk/c/23415032/pribudnu-rezidentske-lokality-pozrite-si-ake-zmeny-v-parkovani-chystaju-na-kosickych-sidliskach.html 
999 |c 2575458  |d 2577388